| 000 | 00670nam a2200277Ia 4500 | ||
|---|---|---|---|
| 001 | Z_1538 | ||
| 003 | CHAP | ||
| 008 | 220113s1991 xx 000 0 und d | ||
| 010 | _a164626 | ||
| 040 | _cCHAP | ||
| 082 | _a616.4 W5 | ||
| 100 |
_aWilson, Jean D _9122207 |
||
| 245 |
_aWilliams textbook of endocrinology / _cby Jean D. Wilson and Daniel W. Foster |
||
| 260 |
_aPhiladelphia, Penn. : _bSaunders, _c1991 |
||
| 300 | _a1712 p | ||
| 440 | _a | ||
| 500 | _a | ||
| 503 | _a169523 | ||
| 650 |
_aEndocrinologĂa I. Foster, Daniel W. II. t. _9138680 |
||
| 901 | _a616.4 W5 | ||
| 902 | _aA | ||
| 910 | _a1991 | ||
| 942 | _c1 | ||
| 942 | _cc1 | ||
| 999 |
_c164626 _d164626 |
||